| 000 | 01164aam a2200289 a 4500 | ||
|---|---|---|---|
| 003 | BLK | ||
| 005 | 20250630131155.0 | ||
| 008 | 180608b bul||||| |||| 00| 0 bul d | ||
| 020 | _a9786190302759 | ||
| 020 | _a978-619-03-0275-9 | ||
| 040 | _aBLK | ||
| 041 |
_aBUL _cBUL |
||
| 080 |
_aАмериканска литература (на САЩ) _b821.111(73) _z821.111(73)-32 |
||
| 084 | _aК 54 | ||
| 100 |
_aКинг, Стивън _9371799 |
||
| 245 |
_aХаресвате го по-мрачно _bразкази и новели _cСтивън Кинг ; прев. Венцислав Божилов. |
||
| 260 |
_aСофия _bБард _c2024 _9209457 _f[Костинброд] : Мултипринт ООД |
||
| 300 |
_a560 с. _c22 см |
||
| 380 | _aX | ||
| 500 | _aОриг. загл.: You like it darker / Stephen King | ||
| 700 |
_aБожилов, Венцислав Божидаров _d1968 - _9367877 |
||
| 765 |
_aSleeping Beauties _cKing, Stephen ; King, Owen |
||
| 852 |
_aЦб 325385 _bЦб |
||
| 942 |
_cKNG _2udc _n0 _088 |
||
| 944 |
_cНора Радева _k30531 _lЦветелина Шанова |
||
| 999 |
_c511652 _d511652 |
||